000 00334pab a2200145 454500
008 180718b2015 xxu||||| |||| 00| 0 eng d
100 _aRavish Kumar
245 _aAbsent Dalit: the Indian newsroom
260 _c2015
300 _ap.74-77.
362 _aAug
650 _aBackward classes
773 _aSeminar
909 _a108904
999 _c108899
_d108899